000 00735nam a2200229Ia 4500
001 3124
003 GE_BSU
008 181216s||||||||xx |||||||||||||| ||und||
040 _cGE_BSU
080 _a530.1(075.8)
100 _aВолькенштейн,В.С.
245 _aСборник задач по общему курсу физики.
245 _bУчебное пособие.
245 _cред.: Н.А.Райская, А.В.Чеботарова.
250 _aИзд. седьмое, стереотипное.
260 _aМ.
260 _bНаука.
260 _c1969.
300 _a464стр.с илл.20см.
653 _aСборник задач по общему курсу физики.
942 _cBK
999 _c37168
_d37168